000 01415nam a2200361 i 4500
003 EG-GICUC
005 20260121101158.0
008 251109s1971 ua ||||fr|||| 00| 0 ara d
040 _a EG-GICUC
_c EG-GICUC
_d EG-GICUC
_erda
_bara
041 _aara
082 0 4 _221
_a345.20566
_bأ ن . إ
092 0 4 _221
099 _aLaw1 07 345.20566 أ ن . إ 1971
100 0 _aأنطوان مشعلاني
_eمؤلف.
245 1 0 _aإعداد الموظفين وتدريبهم في لبنان /
_cإعداد أنطوان مشعلاني، حسن حلبي.
264 1 _aالقاهرة :
_bجامعة الدول العربية-المنظمة العربية للعلوم الإدارية، مركز البحوث الإدارية،
_c1971.
300 _a63 صفحة ؛
_c24 سم.
336 _2rda content
_atext
337 _2rda media
_aComputer
338 _2rda carrier
_aOnline Resource
490 _v92
500 _aيشتمل على مجموعة من المستندات
546 _aالنص باللغة العربية
650 1 4 _2qrmak
_aالقانون الإداري
650 1 4 _2qrmak
_aالموظفون
_xتدريب
650 1 4 _2qrmak
_aالموظفون
_xإختيار
651 1 4 _aلبنان
700 _aحسن حلبي
_eمؤلف مشارك.
830 _0
856 4 0 _uhttps://fll.law.cu.edu.eg/fulltext/bks/B07-00131.pdf
905 _aWesam Mahmoud
_eEman
942 _2ddc
_n0
_cBK
_e21
999 _c41826
_d41826